Tagore's Golden Stories Collection (Record no. 209651)

MARC details
000 -LEADER
fixed length control field 00577nam a22001937a 4500
005 - DATE AND TIME OF LATEST TRANSACTION
control field 20250224113816.0
010 ## - LCCN (DPL NO)
LC control number ENG-143779
020 ## - INTERNATIONAL STANDARD BOOK NUMBER
Terms of availability 495.00
International Standard Book Number 9789382841005
035 ## - SYSTEM CONTROL NUMBER
System control number EN-127311
037 ## - SOURCE OF ACQUISITION
Source of stock number/acquisition DBAD/PUB
082 ## - DEWEY DECIMAL CLASSIFICATION NUMBER
Classification number S
100 ## - MAIN ENTRY--PERSONAL NAME
Personal name R. Tagore
245 ## - TITLE STATEMENT
Title Tagore's Golden Stories Collection
Statement of responsibility, etc By R.Tagore
Remainder of title Classic Stories From Master Storyteller
250 ## - EDITION STATEMENT
Edition statement 1
260 ## - PUBLICATION, DISTRIBUTION, ETC. (IMPRINT)
Place of publication, distribution, etc Jaipur
Name of publisher, distributor, etc Sakshar Bharat
Date of publication, distribution, etc 2018
270 ## - ADDRESS
City Jaipur
Address 57,2nd Floor, Natani Bhawan, mishra Raja Ji Ka Rasta
Postal code 302001
300 ## - PHYSICAL DESCRIPTION
Extent 193pg.
Dimensions 22cm(pbk)
942 ## - ADDED ENTRY ELEMENTS (KOHA)
Source of classification or shelving scheme Dewey Decimal Classification
Item type English Books
Classification part S
Call number suffix TAG
Holdings
Withdrawn status Lost status Not for loan Collection code Home library Current library Date acquired Source of acquisition Cost, normal purchase price Full call number Barcode Copy number Cost, replacement price Koha item type
      Fiction Central Library Central Library 24/02/2025 DBAD 495.00 S TAG EN-127311 1 495.00 English Books

© Delhi Public Library
Hit Counter
free hit counter